000 00737nam a2200277Ia 4500
003 OSt
005 20220912150902.0
006 a|||||r|||| 00| 0
007 ta
008 220909b |||||||| |||| 00| 0 eng d
024 _a32632
037 _cTextual
040 _aCSL
_beng
_cCSL
041 _aeng
082 _aC9B3, M8
100 _aCooper Necia Grant Ed.
245 0 _aParticle physics
260 _aCambridge
_bCambridge University
_c1988
300 _axi,199p.
_ccm.
650 _a Nucleus
650 _a Particles-Nuclear physics
650 _aPhysics
700 _a West Geoffrey B Ed.
942 _hC9B3, M8
_cTEXL
_2CC
999 _c56863
_d56863